000 00779nam a22002537a 4500
001 721
003 UA-OsUOA
005 20201225132103.0
007 ta
008 20050625b un ||||| |||| 00| 0 ukr d
020 _a966-7186-81-4
040 _aUA-OsUOA
_bukr
_cUA-OsUOA
_dUA-OsUOA
041 _aukr
080 _a347.9
090 _a347.9
_bС30
100 _aСемерак О.
245 _aСудові, правоохоронні та правозахисні органи України
_bнавч. посіб.
260 _aУжгород
_c2003
300 _a156 с.
650 7 _a347 Цивільне право. Судовий устрій
_2UDC
942 _cBK
_2udc
955 _a1
999 _c286864
_d286864